Quién es quién en la institucionalidad centroamericana: algunas reflexiones sobre el proceso de integración /
Պահպանված է:
| Հիմնական հեղինակ: | |
|---|---|
| Համատեղ հեղինակ: | |
| Այլ հեղինակներ: | |
| Ձևաչափ: | Անհայտ |
| Հրապարակվել է: |
San José:
PNUD
|
| Խորագրեր: | |
| Ցուցիչներ: |
Ավելացրեք ցուցիչ
Չկան պիտակներ, Եղեք առաջինը, ով նշում է այս գրառումը!
|
MARC
| LEADER | 00000 a2200000 04500 | ||
|---|---|---|---|
| 001 | 26653 | ||
| 003 | |||
| 008 | 991231s d | ||
| 040 | |||
| 090 | |a 149306 | ||
| 100 | |a Nowalski Rowinski, Jorge | ||
| 110 | |a PNUD | ||
| 245 | |a Quién es quién en la institucionalidad centroamericana: algunas reflexiones sobre el proceso de integración / |c Jorge Nowalski Rowinski | ||
| 260 | |a San José: |b PNUD | ||
| 300 | |a 280 p. | ||
| 650 | |a DATOS ESTADISTICOS | ||
| 650 | |a INDICADORES ECONOMICOS | ||
| 650 | |a MACROECONOMIA | ||
| 650 | |a TRABAJADDORES | ||
| 650 | |a INTEGRACION REGIONAL | ||
| 650 | |a COMERCIO EXTERIOR | ||
| 650 | |a DESARROLLO HUMANO | ||
| 650 | |a OPINION PUBLICA | ||
| 700 | |a | ||
| 700 | |a Acuña Alfaro, Jairo | ||
| 700 | |a | ||
| 999 | |c 12637 |d 12637 | ||
